Youstice - riešenie spotrebiteľských sporov modernou cestou

Saved in:
Bibliographic Details
Main Author: Hagarová, Ráchel, 1990-
Format: Book Chapter
Language:Slovak
Subjects:
Tags: Add Tag
No Tags, Be the first to tag this record!

MARC

LEADER 00000naa$a2200000$$$4500
001 0225869
005 20240502073715.1
041 0 |a slo 
044 |a SK 
245 1 0 |a Youstice - riešenie spotrebiteľských sporov modernou cestou  |c Ráchel Hagarová 
610 2 0 |a štúdie prípadové 
610 2 0 |a start-up 
610 2 0 |a komunikácia 
610 2 0 |a zákazníci 
610 2 0 |a obchod 
610 2 0 |a reklamácie 
610 2 0 |a spotrebitelia 
610 2 0 |a starostlivosť o zákazníkov 
100 1 |a Hagarová, Ráchel, 1990-